000 00506nam a22001937a 4500
005 20250404115214.0
008 250404b |||||||| |||| 00| 0 eng d
020 _a9780071287838
050 _aHD 30.28 DES
_b1
100 _aDES, G. Gregory
245 _aStrategic management:
_bcreating competitive advanteges
250 _a4th
260 _aBoston
_bMcGraw -Hill
_c2008c
300 _axxiv,484p
_bindex
500 _aindex
700 _aLUMPKIN,G T
710 _aEISNER, B. Alan
942 _2lcc
_cBK
_n0
999 _c5346
_d5346